|
|
|
|
| LEADER |
00000nam2a2200000 4500 |
| 001 |
139776 |
| 005 |
20231031141847.0 |
| 010 |
|
|
|a 5765100791
|
| 035 |
|
|
|a (RuTPU)RU\TPU\book\151417
|
| 090 |
|
|
|a 139776
|
| 100 |
|
|
|a 20080610d2008 m y0rusy50 ca
|
| 101 |
0 |
|
|a rus
|a eng
|
| 102 |
|
|
|a RU
|
| 105 |
|
|
|a a j 000zy
|
| 200 |
0 |
|
|a Ч. 1
|
| 210 |
|
|
|d 2008
|
| 215 |
|
|
|a 384 с.
|c ил.
|
| 330 |
|
|
|a Данное учебное пособие построено на компетентностном подходе к подготовке профессиональных переводчиков. Книга содержит материалы, необходимые преподавателю на занятиях, дает понимание особенностей методики обучения устному переводу, исходя из специфики тех трудностей, с которыми устный переводчик сталкивается в своей работе.
|
| 461 |
|
1 |
|0 (RuTPU)RU\TPU\book\158048
|t Устный перевод. Английский язык
|o учебное пособие
|f М. В. Вербицкая, Т. Н. Беляева, Е. С. Быстрицкая
|v Ч. 1
|d 2008
|
| 610 |
1 |
|
|a английский язык
|
| 610 |
1 |
|
|a устный перевод
|
| 610 |
1 |
|
|a переводы
|
| 610 |
1 |
|
|a речь
|
| 610 |
1 |
|
|a риторика
|
| 610 |
1 |
|
|a мнемотехника
|
| 610 |
1 |
|
|a имена собственные
|
| 610 |
1 |
|
|a корректность
|
| 610 |
1 |
|
|a трудности
|
| 610 |
1 |
|
|a учебные пособия
|
| 686 |
|
|
|a Ш143.21-923.7
|v LBC/SL-A
|2 rubbk
|
| 801 |
|
1 |
|a RU
|b 63413507
|c 20080610
|g PSBO
|
| 801 |
|
2 |
|a RU
|b 63413507
|c 20171110
|g PSBO
|
| 900 |
|
|
|a Английский язык
|
| 900 |
|
|
|a Переводческая практика
|
| 942 |
|
|
|c BK
|
| 951 |
|
|
|a 520000
|
| 954 |
|
|
|b 031202
|
| 959 |
|
|
|a 65/20080529
|d 25
|e 0
|f ЧЗИЛ:1
|f ЯЦ_ЛМК:24
|